000 00515nam a2200145Ia 4500
041 _aArabic
082 _a340,5 cut-727 م
100 _a20260118u\\\\\\\\\\\y0engy0103\\\\ba
100 _aد.نعيم مغبغب
245 0 _aمبدا عدم مسؤولية المصرف موزع الاعتمادات واستثناءاته دراسة في القانون المقارن
250 _aط1
260 _bمنشورات الحلبي الحقوقية
_aبيروت - لبنان
_c2008
300 _a328
942 _cBk
999 _c188478
_d188478